[Event "Open de la Loire 2012-2013"]
[Site "Loire"]
[Date "2012.10.20"]
[Round "2.12"]
[White "Schuhmann, Alain"]
[Black "Boeuf, Jeremy"]
[Result "1-0"]
[WhiteElo "1499"]
[BlackElo "1601"]
[PlyCount "97"]
[EventDate "2012.??.??"]

1. e4 d5 2. exd5 Qxd5 3. Nc3 Qa5 4. Nf3 Bg4 5. Be2 Nd7 6. O-O Ngf6 7. d3 c6 8.
Bd2 g6 9. Ng5 Bxe2 10. Nxe2 Qc7 11. Bf4 e5 12. Be3 Bg7 13. Ne4 O-O 14. Qd2 Ng4
15. Rab1 Nxe3 16. Qxe3 Nf6 17. N2g3 Nd5 18. Qf3 Nf4 19. Ne2 Bh6 20. Rfe1 f5 21.
Nc5 Rae8 22. Nxf4 Bxf4 23. Re2 b6 24. Nb3 Re6 25. Nd4 Rd6 26. Nb3 Re8 27. Rbe1
Rd7 28. g3 Bh6 29. c3 Rde7 30. d4 e4 31. Qg2 Qd6 32. Nd2 b5 33. g4 e3 34. Nf3
exf2+ 35. Kxf2 Rxe2+ 36. Rxe2 Rxe2+ 37. Kxe2 Qf6 38. gxf5 Qxf5 39. Ne5 c5 40.
Qa8+ Bf8 41. Qd5+ Kg7 42. Qb7+ Kg8 43. Qxb5 Qe4+ 44. Kf2 cxd4 45. Qc4+ Kg7 46.
Qxd4 Qc2+ 47. Kg3 Kg8 48. Qd5+ Kg7 49. Qf7+ 1-0

[Event "Open de la Loire 2012-2013"]
[Site "Loire"]
[Date "2012.10.20"]
[Round "2.13"]
[White "Desassis, Jean-Francois"]
[Black "Legendre, Julien"]
[Result "1-0"]
[WhiteElo "1600"]
[BlackElo "1499"]
[PlyCount "85"]
[EventDate "2012.??.??"]

1. c4 Nf6 2. Nc3 g6 3. Nf3 Bg7 4. g3 d6 5. Bg2 O-O 6. O-O Nc6 7. d3 Bd7 8. Rb1
Qc8 9. Bd2 Bh3 10. b4 Bxg2 11. Kxg2 a6 12. Qb3 Qf5 13. b5 Ne5 14. bxa6 Nxf3 15.
exf3 bxa6 16. Ne4 h5 17. Rfe1 Rab8 18. Qa4 Nxe4 19. fxe4 Qc8 20. Qc6 h4 21. Ba5
h3+ 22. Kf1 Qg4 23. e5 Bxe5 24. Bxc7 Rxb1 25. Rxb1 Kg7 26. Qe4 Qh5 27. c5 Qf5
28. Qxf5 gxf5 29. Rb7 Kf6 30. f4 Bd4 31. cxd6 exd6 32. Bxd6 Rd8 33. Be7+ Ke6
34. Bxd8 Kd6 35. Rxf7 Kc6 36. Rh7 Be3 37. Rxh3 Bc5 38. Rh6+ Kd7 39. Bf6 Bb4 40.
d4 Ke6 41. Be5+ Kd5 42. Rh5 Kc4 43. Rxf5 1-0

[Event "Open de la Loire 2012-2013"]
[Site "Loire"]
[Date "2012.10.20"]
[Round "2.14"]
[White "Rann, Raphael"]
[Black "Grischy, Quentin"]
[Result "1-0"]
[WhiteElo "1660"]
[BlackElo "1370"]
[PlyCount "37"]
[EventDate "2012.??.??"]

1. d4 d5 2. c3 Nc6 3. e3 a6 4. f4 Bf5 5. Nf3 Nf6 6. Bd3 Ne4 7. Nbd2 e6 8. O-O
Bd6 9. Bc2 b5 10. Nxe4 dxe4 11. Nd2 b4 12. Nxe4 bxc3 13. bxc3 Na5 14. Nxd6+
Qxd6 15. Bxf5 exf5 16. Qa4+ Nc6 17. Ba3 Qe6 18. Kh1 Kd8 19. d5 1-0

[Event "Open de la Loire 2012-2013"]
[Site "Loire"]
[Date "2012.10.20"]
[Round "2.15"]
[White "Piper, Stephane"]
[Black "Thizy, Nicolas"]
[Result "0-1"]
[WhiteElo "1636"]
[BlackElo "1330"]
[PlyCount "59"]
[EventDate "2012.??.??"]

1. e4 e5 2. Nc3 Nc6 3. Bc4 Bc5 4. Nge2 Nf6 5. d3 O-O 6. O-O d6 7. Be3 Bd4 8.
Bxd4 Nxd4 9. Nxd4 Bd7 10. Nf5 g6 11. Ne3 b6 12. Ncd5 Nxd5 13. Nxd5 Be6 14. f4
Bxd5 15. Bxd5 Rb8 16. fxe5 dxe5 17. c4 c5 18. Qa4 a5 19. Qc6 Rc8 20. Qf6 Qd7
21. Qxb6 Rb8 22. Qxc5 Rxb2 23. Qxa5 Rbb8 24. c5 Kg7 25. c6 Qc8 26. c7 Rb2 27.
Rab1 Rc2 28. Rfc1 Re2 29. Rb8 Qg4 30. g3 0-1

[Event "Open de la Loire 2012-2013"]
[Site "Loire"]
[Date "2012.10.20"]
[Round "2.16"]
[White "Daillere, Roland"]
[Black "Allabrune, Guillaume"]
[Result "1-0"]
[WhiteElo "1270"]
[BlackElo "1560"]
[PlyCount "49"]
[EventDate "2012.??.??"]

1. d4 c5 2. d5 e5 3. e4 d6 4. Nf3 Bg4 5. Be2 Nf6 6. Nc3 Qd7 7. Bb5 Nc6 8. dxc6
bxc6 9. Ba4 Rb8 10. Bg5 Rxb2 11. Qd3 Rb4 12. Bxf6 gxf6 13. Nd5 Qb7 14. Nxf6+
Kd8 15. Nxg4 Rxa4 16. O-O Kc7 17. Rfb1 Rb4 18. Rxb4 Qxb4 19. Qb3 Qxe4 20. Qxf7+
Kb6 21. Rb1+ Qb4 22. Rxb4+ cxb4 23. Nf6 Bh6 24. Qe6 d5 25. Nxe5 1-0

[Event "Open de la Loire 2012-2013"]
[Site "Loire"]
[Date "2012.10.20"]
[Round "2.17"]
[White "Choquelle, Jean"]
[Black "Martin, Julien"]
[Result "0-1"]
[WhiteElo "1230"]
[BlackElo "1460"]
[PlyCount "86"]
[EventDate "2012.??.??"]

1. c4 e5 2. Nc3 d6 3. g3 Nc6 4. Bg2 Bd7 5. Nf3 Nf6 6. O-O Be7 7. d3 O-O 8. a3
Be6 9. Ng5 Bf5 10. Be4 Nxe4 11. Ngxe4 Nd4 12. e3 Ne6 13. f4 exf4 14. exf4 Bf6
15. Nd5 Bd4+ 16. Kh1 c6 17. Ne3 d5 18. Nxf5 dxe4 19. Qg4 exd3 20. Ra2 b5 21. b3
bxc4 22. bxc4 Rb8 23. Rd2 Bf6 24. Re1 Rb2 25. Red1 Rb3 26. Qf3 Qc8 27. Rxd3
Rxd3 28. Rxd3 Nc5 29. Nd6 Qe6 30. Re3 Qxd6 31. Kg2 Ne6 32. Qe2 Qc5 33. Rxe6
fxe6 34. Qxe6+ Kh8 35. Be3 Qxa3 36. Bf2 Qa4 37. Bc5 Rd8 38. Kh3 Qd1 39. Be7
Qh5+ 40. Kg2 Rd2+ 41. Kf1 Qd1+ 42. Qe1 Qf3+ 43. Qf2 Rd1# 0-1

[Event "Open de la Loire 2012-2013"]
[Site "Loire"]
[Date "2012.10.20"]
[Round "2.19"]
[White "Poyet, Louis"]
[Black "Acikgoz, Tuncay"]
[Result "0-1"]
[WhiteElo "1140"]
[BlackElo "1420"]
[PlyCount "84"]
[EventDate "2012.??.??"]

1. e4 g6 2. d4 Bg7 3. Nf3 d6 4. c3 Nf6 5. Bg5 O-O 6. Bd3 c6 7. O-O Bg4 8. h3
Bd7 9. Nbd2 Qc7 10. Qc2 e5 11. dxe5 dxe5 12. Nc4 Re8 13. Rad1 Na6 14. Be2 Nc5
15. Bd3 h6 16. Bh4 g5 17. Bg3 Nh5 18. Kh2 Nf4 19. Rde1 Ncxd3 20. Rd1 Nc5 21. b4
Be6 22. Ne3 Nd7 23. Nf5 Bxf5 24. exf5 a5 25. a3 axb4 26. axb4 Nh5 27. Rfe1 Nxg3
28. fxg3 f6 29. h4 gxh4 30. Nxh4 Ra6 31. Qe2 b5 32. Qh5 Rea8 33. Kh3 e4 34.
Rxe4 Ne5 35. Ng6 Ra1 36. Rde1 Rxe1 37. Rxe1 Qf7 38. Rd1 Nxg6 39. Qg4 Ne5 40.
Qh4 Qb3 41. Rd6 Ra1 42. Qd4 Rh1# 0-1

[Event "Open de la Loire 2012-2013"]
[Site "Loire"]
[Date "2012.10.20"]
[Round "2.20"]
[White "Mialon, Franck"]
[Black "Bruyere, Jean Baptiste"]
[Result "1-0"]
[WhiteElo "1390"]
[BlackElo "1199"]
[PlyCount "89"]
[EventDate "2012.??.??"]

1. e4 e5 2. Nf3 Nc6 3. Bc4 Nf6 4. Ng5 h6 5. Nxf7 Qe7 6. Nxh8 Ng4 7. Qxg4 d6 8.
Qh5+ Kd8 9. Nf7+ Kd7 10. Qf5+ Ke8 11. Qg6 Qf6 12. Nxd6+ Kd7 13. Qxf6 gxf6 14.
Nf7 Nd4 15. Bb3 Ke8 16. O-O Be6 17. Bxe6 Nxe6 18. Nh8 Bc5 19. c3 Ke7 20. Ng6+
Kf7 21. Nh4 Rg8 22. d4 Rg4 23. dxc5 Rxh4 24. f4 exf4 25. Nd2 Rh5 26. Nf3 f5 27.
Nd4 Nxc5 28. Rxf4 Nd3 29. Rxf5+ Kg6 30. Rxh5 Kxh5 31. Be3 Ne5 32. Rf1 Ng4 33.
Bf4 Nf6 34. e5 Ne4 35. e6 Kg6 36. Bxc7 Nd2 37. Rf2 Ne4 38. Rf5 Nf6 39. e7 Kf7
40. Bd8 b5 41. Rxf6+ Ke8 42. Rf8+ Kd7 43. e8=Q+ Kd6 44. Rf5 b4 45. Qe6# 1-0

[Event "open de la Loire 2012 - 2013"]
[Site "Loire"]
[Date "2012.11.10"]
[Round "3.1"]
[White "Megnot, Philippe"]
[Black "Buisson, Sebastien"]
[Result "0-1"]
[WhiteElo "1480"]
[BlackElo "1530"]
[PlyCount "67"]
[EventDate "2012.??.??"]

1. Nf3 Nf6 2. g3 g6 3. Bg2 Bg7 4. d4 O-O 5. Nc3 d6 6. e4 c6 7. O-O Qc7 8. h3 e5
9. dxe5 dxe5 10. Qe2 Rd8 11. Bg5 h6 12. Be3 Be6 13. Rad1 Na6 14. a3 Ne8 15. Nh2
Rd6 16. Rxd6 Nxd6 17. b3 f5 18. Rd1 fxe4 19. Nxe4 Nf5 20. Nf1 Qe7 21. b4 Nd4
22. Bxd4 exd4 23. Ned2 Qd7 24. Kh2 Re8 25. Qd3 Bf5 26. Ne4 Nc7 27. g4 Bxe4 28.
Bxe4 Ne6 29. Qc4 Kh7 30. Ng3 Ng5 31. Bg2 Rf8 32. Rd2 Nf3+ 33. Bxf3 Rxf3 34. Re2
0-1

[Event "open de la Loire 2012 - 2013"]
[Site "Loire"]
[Date "2012.11.10"]
[Round "3.2"]
[White "Peyssonneaux, Norbert"]
[Black "Campoy, Juan"]
[Result "1/2-1/2"]
[WhiteElo "1530"]
[BlackElo "1430"]
[PlyCount "116"]
[EventDate "2012.??.??"]

1. e4 e5 2. Nf3 d6 3. h3 Nc6 4. Bc4 Be7 5. d4 exd4 6. Nxd4 Bd7 7. Nc3 Nf6 8.
Be3 O-O 9. Qe2 Ne5 10. Bb3 c5 11. Nf3 Qc8 12. Nxe5 dxe5 13. a3 Bc6 14. Bg5 Qc7
15. Bxf6 Bxf6 16. O-O-O Rad8 17. Qc4 b6 18. Ba4 Rd6 19. Bxc6 Qxc6 20. Rxd6 Qxd6
21. Rd1 Qe6 22. Qa6 Qe7 23. Nd5 Bg5+ 24. Kb1 Qe6 25. Qxa7 Rd8 26. g3 Kf8 27.
Qc7 Qd6 28. Qb7 Rb8 29. Qa7 b5 30. h4 Bf6 31. Kc1 Rd8 32. Qb6 b4 33. axb4 cxb4
34. Qxb4 Qxb4 35. Nxb4 Rxd1+ 36. Kxd1 Be7 37. Nd5 Bc5 38. Ke2 Ke8 39. b4 Ba7
40. b5 Kd7 41. c4 Kd6 42. f3 Bd4 43. g4 h6 44. h5 f6 45. Kd3 Bc5 46. Kc2 Bd4
47. Kb3 Kc5 48. Ka4 Kxc4 49. b6 Bxb6 50. Nxb6+ Kd3 51. Kb5 Ke3 52. Kc5 Kxf3 53.
Kd5 Kxg4 54. Nd7 f5 55. exf5 Kxf5 56. Nxe5 Kg5 57. Ke6 Kxh5 58. Ke7 g5 1/2-1/2

[Event "open de la Loire 2012 - 2013"]
[Site "Loire"]
[Date "2012.11.10"]
[Round "3.3"]
[White "Bacyk, Bruno"]
[Black "Bastien, Daniel"]
[Result "0-1"]
[WhiteElo "1499"]
[BlackElo "1690"]
[PlyCount "138"]
[EventDate "2012.??.??"]

1. e4 c6 2. d4 g6 3. f4 Bg7 4. Nf3 Nf6 5. e5 Nd5 6. c4 Nc7 7. Nc3 d5 8. cxd5
cxd5 9. Bd3 e6 10. O-O O-O 11. a4 Bd7 12. b3 Nc6 13. Ba3 Re8 14. Bb5 a6 15.
Bxc6 Bxc6 16. Bd6 Bf8 17. Bxf8 Rxf8 18. b4 Qe7 19. Qb3 f6 20. g3 Qe8 21. exf6
Rxf6 22. Ne5 Rc8 23. Rfe1 b5 24. a5 Bd7 25. Re2 Qd8 26. Rae1 Ne8 27. Nf3 Ng7
28. Re3 Nf5 29. Rd3 Rc4 30. Red1 Qf8 31. Na2 Nd6 32. Ne5 Rc7 33. Rc3 Nc4 34.
Nc1 Qe7 35. Ncd3 Bc8 36. Nc5 Nxe5 37. fxe5 Qf7 38. Qc2 Rf5 39. Nxe6 Rxc3 40.
Qxc3 Bxe6 41. Qc6 Rf2 42. Qa8+ Kg7 43. Qxa6 Bh3 44. Qxb5 Rb2 45. Rf1 Bxf1 46.
Qxf1 Qxf1+ 47. Kxf1 Rxb4 48. a6 Ra4 49. Ke2 Rxa6 50. Ke3 Ra4 51. h4 Kf7 52. g4
h6 53. Kd3 Ra3+ 54. Ke2 Ke6 55. Kd2 Rg3 56. h5 g5 57. Ke2 Rxg4 58. Ke3 Rh4 59.
Kf3 Rxh5 60. Kg4 Rh4+ 61. Kg3 Rxd4 62. Kf3 Rf4+ 63. Kg3 d4 64. Kg2 d3 65. Kg3
d2 66. Kg2 d1=Q 67. Kh2 Qd3 68. Kg2 Re4 69. Kf2 Re2+ 0-1

[Event "open de la Loire 2012 - 2013"]
[Site "Loire"]
[Date "2012.11.10"]
[Round "3.4"]
[White "Mazet, Christian"]
[Black "Brachet, Gerard"]
[Result "1-0"]
[WhiteElo "1639"]
[BlackElo "1350"]
[PlyCount "53"]
[EventDate "2012.??.??"]

1. e4 e5 2. Nf3 Nc6 3. Bb5 g6 4. c3 Bg7 5. O-O a6 6. Ba4 b5 7. Bc2 Nf6 8. d4
exd4 9. cxd4 O-O 10. e5 Nd5 11. Bg5 Nce7 12. Qd2 d6 13. Nc3 Be6 14. Be4 c6 15.
Rac1 f6 16. exf6 Bxf6 17. Bh6 Bg7 18. Bxg7 Kxg7 19. Ng5 Bf5 20. Bxf5 Rxf5 21.
Ne6+ Kf7 22. Nxd8+ Rxd8 23. Ne4 h5 24. Rfe1 Kg7 25. Ng5 Rd7 26. Ne6+ Kf7 27.
Qh6 1-0

[Event "open de la Loire 2012 - 2013"]
[Site "Loire"]
[Date "2012.11.10"]
[Round "3.5"]
[White "Fournier, Gerald"]
[Black "Fauvin, David"]
[Result "1-0"]
[WhiteElo "1499"]
[BlackElo "1540"]
[PlyCount "72"]
[EventDate "2012.??.??"]

1. e4 d6 2. d4 Nf6 3. Nc3 g6 4. Nf3 Bg7 5. Be3 O-O 6. h3 a6 7. Qd2 Re8 8. Bc4
b5 9. Bb3 Nc6 10. Bh6 Bxh6 11. Qxh6 b4 12. Ng5 e6 13. Ne2 Qe7 14. f4 Qf8 15.
Qh4 h6 16. Nf3 Nxe4 17. O-O Ne7 18. Ng3 Nxg3 19. Qxg3 Nf5 20. Qe1 d5 21. Rd1 a5
22. c4 Ba6 23. Ne5 f6 24. Nd7 Qe7 25. Ba4 Bxc4 26. Rf2 Red8 27. Nc5 Kf7 28. b3
Ba6 29. Nxa6 Rxa6 30. Bb5 Rb6 31. Be2 h5 32. g4 hxg4 33. hxg4 Ng3 34. Bf3 f5
35. Rh2 Qf6 36. Qxg3 Qxd4+ 1-0

[Event "open de la Loire 2012 - 2013"]
[Site "Windows-Trust"]
[Date "2012.11.10"]
[Round "3.6"]
[White "Joly, Christian"]
[Black "Ben Habchi, Nordine"]
[Result "1-0"]
[WhiteElo "1690"]
[BlackElo "1440"]
[PlyCount "71"]
[EventDate "2012.??.??"]

1. e4 c5 2. c3 e6 3. d4 cxd4 4. cxd4 d5 5. exd5 exd5 6. Nf3 Bb4+ 7. Nc3 Qe7+ 8.
Be2 Bg4 9. O-O Bxc3 10. bxc3 h6 11. h3 Be6 12. Qa4+ Nd7 13. Bb5 Ngf6 14. Re1 a6
15. Ba3 Qd8 16. Bd3 b5 17. Qc2 Qb6 18. Rab1 O-O-O 19. Bc1 Nb8 20. Ne5 Nc6 21.
a4 Na7 22. Bf5 Kb7 23. Ba3 Nd7 24. Bxe6 Nxe5 25. Bxd5+ Rxd5 26. Rxe5 Rxe5 27.
dxe5 Re8 28. Bd6 Qc6 29. axb5 Nxb5 30. c4 Kc8 31. Qf5+ Re6 32. cxb5 axb5 33.
Qxf7 Rg6 34. Qxg6 b4 35. Qxg7 Qc2 36. Qc7+ 1-0

[Event "open de la Loire 2012 - 2013"]
[Site "Loire"]
[Date "2012.11.10"]
[Round "3.7"]
[White "Martin, Julien"]
[Black "Rann, Raphael"]
[Result "0-1"]
[WhiteElo "1460"]
[BlackElo "1660"]
[PlyCount "34"]
[EventDate "2012.??.??"]

1. e4 Nf6 2. Nc3 d5 3. e5 Nfd7 4. d4 e6 5. Nf3 c5 6. b3 cxd4 7. Qxd4 Nc6 8. Qf4
Bb4 9. Bd2 Qa5 10. Nd1 Bxd2+ 11. Qxd2 Qxd2+ 12. Nxd2 Nd4 13. Bd3 Nxe5 14. O-O
O-O 15. Ne3 Nxd3 16. cxd3 b6 17. Kh1 Ba6 0-1

[Event "open de la Loire 2012 - 2013"]
[Site "Loire"]
[Date "2012.11.10"]
[Round "3.8"]
[White "Rasle, Corentin"]
[Black "Trottet, Francois"]
[Result "1-0"]
[WhiteElo "1660"]
[BlackElo "1430"]
[PlyCount "121"]
[EventDate "2012.??.??"]

1. d4 Nf6 2. c4 e6 3. Nc3 d5 4. Bg5 c6 5. Nf3 Be7 6. e3 Nbd7 7. Be2 h6 8. Bxf6
Nxf6 9. O-O O-O 10. Rc1 b6 11. cxd5 exd5 12. Ne5 Qe8 13. Re1 Bf5 14. Ba6 c5 15.
Bb5 Qc8 16. dxc5 Bxc5 17. Nxd5 Nxd5 18. Qxd5 Qe6 19. Qxe6 Bxe6 20. a3 Rad8 21.
b4 Be7 22. Nc6 Rd7 23. Red1 Rc7 24. Nxe7+ Rxe7 25. Rd2 g6 26. Rdc2 Bf5 27. Rc7
Re5 28. Ba4 b5 29. Bb3 Ra8 30. Bxf7+ Kf8 31. Bb3 a5 32. bxa5 Rxa5 33. Rd1 Ra8
34. Ra1 b4 35. a4 Rd8 36. Rc4 Rd3 37. Rxb4 Rc5 38. Rc4 Ra5 39. Bc2 Rdd5 40.
Bxf5 Rxf5 41. f3 Rfd5 42. e4 Rd8 43. Rb4 Raa8 44. Kf2 Ke7 45. Ke3 Rdc8 46. Rb6
Ra5 47. Kf2 Ra7 48. g4 Rca8 49. Rxg6 Rxa4 50. Rxa4 Rxa4 51. Rxh6 Kf7 52. h4 Ra1
53. g5 Kg7 54. Kg3 Rg1+ 55. Kf4 Rg2 56. Kf5 Rd2 57. f4 Rd7 58. e5 Rf7+ 59. Rf6
Re7 60. h5 Kh8 61. e6 1-0

[Event "open de la Loire 2012 - 2013"]
[Site "Loire"]
[Date "2012.11.10"]
[Round "3.9"]
[White "Acikgoz, Tuncay"]
[Black "Minchilli, Franco"]
[Result "1-0"]
[WhiteElo "1420"]
[BlackElo "1650"]
[PlyCount "133"]
[EventDate "2012.??.??"]

1. d4 Nf6 2. Nf3 d5 3. c3 Bg4 4. Nbd2 Nbd7 5. g3 c5 6. Bg2 e6 7. O-O Bd6 8. Re1
O-O 9. e4 e5 10. Qc2 cxd4 11. cxd4 Rc8 12. Qd3 Bh5 13. dxe5 Bxe5 14. exd5 Bg6
15. Qa3 Bb8 16. Nh4 Qb6 17. Nxg6 hxg6 18. Qb3 Qc7 19. Ne4 Nxe4 20. Bxe4 Rfe8
21. Bd2 Nc5 22. Qf3 Qb6 23. Bc3 Be5 24. Bxg6 Qxg6 25. Rxe5 Nd7 26. Rxe8+ Rxe8
27. Re1 Rxe1+ 28. Bxe1 Qb1 29. Qc3 Nb6 30. a3 Qe4 31. d6 Qe6 32. Qe3 Qxd6 33.
Qe8+ Qf8 34. Qxf8+ Kxf8 35. Ba5 Nc4 36. Bc3 g6 37. Kf1 Ke7 38. Ke2 Ke6 39. Kd3
b5 40. a4 a6 41. b3 Nb6 42. Bd4 Nd5 43. axb5 axb5 44. Ke4 f5+ 45. Kd3 Nb4+ 46.
Ke2 Kd5 47. Bf6 Ke6 48. Bg5 Ke5 49. f3 Nc2 50. Be3 Na1 51. b4 Nc2 52. Bc5 Kd5
53. h4 Kc4 54. g4 Kd5 55. gxf5 gxf5 56. h5 Ke6 57. Kd3 Ne1+ 58. Ke3 Kf6 59. h6
Kg6 60. Bf8 Kf7 61. h7 Ng2+ 62. Kd4 Kxf8 63. h8=Q+ Kf7 64. Qh5+ Kf6 65. Qh8+
Kf7 66. Qh3 Nf4 67. Qxf5+ 1-0

[Event "open de la Loire 2012 - 2013"]
[Site "Loire"]
[Date "2012.11.10"]
[Round "3.10"]
[White "Liogier, Pascal"]
[Black "Mialon, Franck"]
[Result "1-0"]
[WhiteElo "1630"]
[BlackElo "1390"]
[PlyCount "41"]
[EventDate "2012.??.??"]

1. d4 d5 2. Nc3 c6 3. f3 e6 4. e4 Bb4 5. Bd3 Nf6 6. e5 Nfd7 7. Nge2 O-O 8. O-O
b6 9. a3 Bxc3 10. Nxc3 c5 11. f4 cxd4 12. Nb5 Nc5 13. Bxh7+ Kxh7 14. Qh5+ Kg8
15. Rf3 f5 16. Rh3 Nb7 17. Bd2 Qe8 18. Qh7+ Kf7 19. Rh6 Qxb5 20. Rf6+ Ke8 21.
Qg6+ 1-0

[Event "open de la Loire 2012 - 2013"]
[Site "Loire"]
[Date "2012.11.10"]
[Round "3.11"]
[White "Philip, Sylvain"]
[Black "Barrandon, Georges"]
[Result "1-0"]
[WhiteElo "1599"]
[BlackElo "1400"]
[PlyCount "63"]
[EventDate "2012.??.??"]

1. e4 e5 2. Nf3 d6 3. d4 Nd7 4. Bd3 Be7 5. O-O Ngf6 6. c3 O-O 7. Be3 b6 8. Nbd2
Bb7 9. h3 Qc8 10. Nh2 c5 11. d5 a6 12. f4 b5 13. c4 b4 14. Ng4 a5 15. fxe5 Nxg4
16. Qxg4 Nxe5 17. Qe2 Qd7 18. Nf3 Bf6 19. Nxe5 Bxe5 20. Rab1 Bc8 21. b3 a4 22.
Qh5 Qe7 23. Bf4 f6 24. Bxe5 fxe5 25. Rxf8+ Qxf8 26. Rf1 Qe7 27. Be2 Bd7 28. Qf3
Be8 29. Qg3 Bg6 30. Bg4 Bxe4 31. Be6+ Kh8 32. Rf7 1-0

[Event "open de la Loire 2012 - 2013"]
[Site "Loire"]
[Date "2012.11.10"]
[Round "3.12"]
[White "Thizy, Nicolas"]
[Black "Pradel, Philippe"]
[Result "0-1"]
[WhiteElo "1330"]
[BlackElo "1590"]
[PlyCount "102"]
[EventDate "2012.??.??"]

1. e4 c5 2. c3 Nf6 3. d3 Nc6 4. Nf3 e5 5. Be3 d6 6. d4 cxd4 7. cxd4 Nxe4 8. d5
Ne7 9. Qa4+ Bd7 10. Qxe4 Qa5+ 11. Nc3 Rc8 12. Bc4 Bf5 13. Qh4 a6 14. O-O Ng6
15. Qg5 Bd7 16. Bd3 Be7 17. Qg3 f5 18. h3 f4 19. Bxg6+ hxg6 20. Qxg6+ Kf8 21.
Bd2 Rh6 22. Qd3 Qd8 23. Rac1 Qe8 24. Ne4 Rxc1 25. Rxc1 Qg6 26. Rc7 Bxh3 27.
Nfg5 Bxg5 28. gxh3 Bd8+ 29. Kf1 Bxc7 30. Qc4 Rxh3 31. Qxc7 Rh1+ 32. Ke2 Qxe4+
33. Be3 f3+ 34. Kd2 Qxd5+ 35. Kc2 Qc6+ 36. Qxc6 bxc6 37. Kc3 Rh4 38. b3 d5 39.
Bc5+ Kf7 40. a4 Ke6 41. b4 g5 42. Be3 d4+ 43. Bxd4 Rxd4 44. b5 cxb5 45. axb5
axb5 46. Kc2 Kd5 47. Kc3 b4+ 48. Kc2 Kc4 49. Kc1 Kc3 50. Kb1 g4 51. Ka2 Rd2+
0-1

[Event "open de la Loire 2012 - 2013"]
[Site "Loire"]
[Date "2012.11.10"]
[Round "3.13"]
[White "Daillere, Roland"]
[Black "Boeuf, Jean-Julien"]
[Result "0-1"]
[WhiteElo "1270"]
[BlackElo "1560"]
[PlyCount "78"]
[EventDate "2012.??.??"]

1. d4 Nf6 2. Nf3 g6 3. h3 d5 4. Bf4 Bg7 5. e3 O-O 6. Bd3 Nc6 7. c3 Re8 8. O-O
Nh5 9. Bh2 e5 10. Re1 e4 11. Be2 exf3 12. Bxf3 Nf6 13. Nd2 Bf5 14. Rc1 Ne4 15.
c4 Nb4 16. Nxe4 Bxe4 17. Bxe4 dxe4 18. Ra1 Nd3 19. Re2 b6 20. Rb1 c5 21. d5 Be5
22. Rd2 Bxh2+ 23. Kxh2 Qd6+ 24. Kg1 a5 25. f3 a4 26. a3 f5 27. h4 Qf6 28. g3
Re7 29. Rh2 h6 30. g4 Rc7 31. g5 hxg5 32. hxg5 Qf8 33. Kg2 Raa7 34. Qh1 Rh7 35.
Rh6 Qg7 36. Qh2 Rb7 37. Rh1 Qxb2+ 38. Kg3 Qxh2+ 39. R1xh2 Rxh6 0-1

[Event "open de la Loire 2012 - 2013"]
[Site "Loire"]
[Date "2012.11.10"]
[Round "3.14"]
[White "Boeuf, Jeremy"]
[Black "Legendre, Julien"]
[Result "1-0"]
[WhiteElo "1601"]
[BlackElo "1499"]
[PlyCount "21"]
[EventDate "2012.??.??"]

1. e4 e5 2. f4 d6 3. Nf3 Bg4 4. Bc4 Bxf3 5. Qxf3 Nc6 6. Bxf7+ Kxf7 7. fxe5+ Ke7
8. d4 h6 9. O-O Kd7 10. Qf5+ Ke7 11. Qf7# 1-0

[Event "open de la Loire 2012 - 2013"]
[Site "Loire"]
[Date "2012.11.10"]
[Round "3.15"]
[White "Rogues, Jean-Luc"]
[Black "Piper, Stephane"]
[Result "0-1"]
[WhiteElo "1400"]
[BlackElo "1636"]
[PlyCount "68"]
[EventDate "2012.??.??"]

1. d4 f5 2. c4 Nf6 3. Nc3 b6 4. e3 Bb7 5. d5 c6 6. Nf3 cxd5 7. cxd5 Qc7 8. Qb3
Na6 9. Bxa6 Bxa6 10. Nd4 Bc4 11. Ndb5 Qc5 12. Qa3 Qxa3 13. bxa3 Kd8 14. Nd4 g6
15. f3 Nxd5 16. Bb2 Nxe3 17. Kf2 f4 18. Nce2 e5 19. Nxf4 exf4 20. Ne6+ Bxe6 21.
Bxh8 Bc5 22. Rac1 Bc4 23. g3 g5 24. Bf6+ Be7 25. Bd4 Bxa2 26. Bxe3 fxe3+ 27.
Kxe3 Bxa3 28. Rc3 Bc5+ 29. Ke4 d5+ 30. Kf5 d4 31. Rd1 Rc8 32. Rcc1 Bd5 33. Rd3
Kd7 34. Kxg5 Be7+ 0-1

[Event "open de la Loire 2012 - 2013"]
[Site "Loire"]
[Date "2012.11.10"]
[Round "3.16"]
[White "Allabrune, Guillaume"]
[Black "Niceto, Pierrick"]
[Result "1-0"]
[WhiteElo "1560"]
[BlackElo "1170"]
[PlyCount "43"]
[EventDate "2012.??.??"]

1. e4 e5 2. Nf3 Nc6 3. Bc4 Nf6 4. Ng5 d5 5. exd5 Nxd5 6. Nxf7 Kxf7 7. Qf3+ Ke6
8. Nc3 Ncb4 9. O-O Bc5 10. a3 Rf8 11. Qg4+ Kd6 12. Nb5+ Kc6 13. Qe4 Rf4 14.
Qxh7 Qg5 15. d4 Nf6 16. Bxf4 Qxf4 17. Qxg7 exd4 18. axb4 Bf5 19. Qxf6+ Kd7 20.
Be6+ Kc6 21. Bxf5+ Kxb5 22. Bd3+ 1-0

[Event "open de la Loire 2012 - 2013"]
[Site "Loire"]
[Date "2012.11.10"]
[Round "3.17"]
[White "Grischy, Quentin"]
[Black "Poyet, Louis"]
[Result "1-0"]
[WhiteElo "1370"]
[BlackElo "1140"]
[PlyCount "61"]
[EventDate "2012.??.??"]

1. d4 d5 2. c4 e6 3. Bf4 Bb4+ 4. Nc3 Nc6 5. c5 b6 6. cxb6 cxb6 7. e3 Nf6 8. Bd3
h6 9. Nf3 O-O 10. Ne5 Nxe5 11. Bxe5 Ne4 12. Bxe4 dxe4 13. O-O Bxc3 14. bxc3 f6
15. Bg3 Bb7 16. Qb3 Bd5 17. c4 Bc6 18. Rfd1 Rb8 19. Bxb8 Qxb8 20. c5 Bd5 21.
Qb4 a5 22. Qxb6 Qxb6 23. cxb6 Bb7 24. Rab1 Rc8 25. Rdc1 Rxc1+ 26. Rxc1 g5 27.
Rc7 Ba6 28. b7 Bxb7 29. Rxb7 f5 30. Kf1 Kf8 31. Rh7 1-0

[Event "open de la Loire 2012 - 2013"]
[Site "Loire"]
[Date "2012.11.10"]
[Round "3.18"]
[White "Lempereur, Theo"]
[Black "Duffy, Claudine"]
[Result "1-0"]
[WhiteElo "1250"]
[BlackElo "1110"]
[PlyCount "49"]
[EventDate "2012.??.??"]

1. e4 e5 2. Nf3 Bd6 3. Nc3 Nf6 4. Bc4 O-O 5. O-O Nc6 6. d3 Nh5 7. Nxe5 Bxe5 8.
Qxh5 Qe7 9. Be3 Bxc3 10. bxc3 Qe5 11. Qf3 Qxc3 12. Bc5 d6 13. Be3 Ne5 14. Qg3
Qxc2 15. Bh6 Ng4 16. Bxg7 Kxg7 17. h3 h5 18. f3 f5 19. exf5 Rxf5 20. hxg4 Rg5
21. Rfe1 Bd7 22. Re7+ Kf8 23. Rxd7 Qa4 24. Qf4+ Ke8 25. Qf7# 1-0

[Event "open de la Loire 2012 - 2013"]
[Site "Loire"]
[Date "2012.11.10"]
[Round "3.19"]
[White "Bruyere, Jean Baptiste"]
[Black "Choquelle, Jean"]
[Result "1-0"]
[WhiteElo "1199"]
[BlackElo "1230"]
[PlyCount "57"]
[EventDate "2012.??.??"]

1. e4 e5 2. Nf3 Nc6 3. Bc4 Qe7 4. c3 Nf6 5. d4 Nxe4 6. O-O d6 7. d5 Na5 8. Bd3
Nf6 9. Bg5 Bd7 10. b4 Nc6 11. dxc6 Bxc6 12. Qd2 e4 13. Re1 Qe6 14. Nd4 Qd7 15.
Bc4 Be7 16. h3 b5 17. Bb3 d5 18. Na3 a6 19. Nxc6 Qxc6 20. Bxf6 Qxf6 21. Bxd5
Rd8 22. Rxe4 O-O 23. Rae1 Rfe8 24. c4 c6 25. Rf4 Qg6 26. Bxf7+ Qxf7 27. Rxf7
Kxf7 28. Qf4+ Kg8 29. cxb5 1-0

[Event "open de la Loire 2012 - 2013"]
[Site "Loire"]
[Date "2012.11.10"]
[Round "3.20"]
[White "Dugelay, Alain"]
[Black "Ferreira, Antoine"]
[Result "0-1"]
[WhiteElo "1230"]
[BlackElo "1099"]
[PlyCount "64"]
[EventDate "2012.??.??"]

1. e4 e5 2. Nf3 Nc6 3. Nxe5 Nxe5 4. d3 f6 5. d4 Nc6 6. Bc4 Nxd4 7. Qxd4 Ne7 8.
O-O Nc6 9. Qd2 Ne5 10. b3 c6 11. Re1 Qc7 12. Ba3 Bxa3 13. Nxa3 Ng4 14. g3 d6
15. Be2 b6 16. h3 Ne5 17. Nb1 Qb7 18. Qxd6 Nf7 19. Qd4 c5 20. Qd5 Qb8 21. Bh5
Rf8 22. Rd1 Bb7 23. Qc4 Qc8 24. g4 g6 25. Qb5+ Bc6 26. Qc4 gxh5 27. gxh5 Rg8+
28. Kf1 Ng5 29. Ke2 Nxh3 30. Qxg8+ Ke7 31. Qxh7+ Ke6 32. Qf5+ Ke7 0-1

[Event "Open de la Loire 2012-2013"]
[Site "Loire"]
[Date "2012.11.10"]
[Round "4.1"]
[White "Buisson, Sebastien"]
[Black "Mazet, Christian"]
[Result "1-0"]
[WhiteElo "1530"]
[BlackElo "1639"]
[PlyCount "49"]
[EventDate "2012.??.??"]

1. e4 e5 2. Nf3 Nf6 3. Nxe5 d6 4. Nf3 Nxe4 5. Nc3 Nf6 6. d4 d5 7. Bg5 Be7 8. h3
h6 9. Bh4 a6 10. Bd3 Nc6 11. O-O O-O 12. Re1 Be6 13. Bf1 Re8 14. Ne5 Nxe5 15.
dxe5 Nh7 16. Bxe7 Rxe7 17. Qd4 c6 18. Na4 Qc7 19. Rad1 Nf8 20. Re3 Bf5 21. c4
Ne6 22. Qh4 d4 23. Rg3 Kh8 24. Bd3 Qxe5 25. Qxe7 1-0